[Event "Ontario op"]
[Site "Brantford CAN"]
[Date "2025.05.18"]
[Round "3"]
[White "Harms, Reece"]
[Black "Bai Li, Triston"]
[Result "0-1"]
[WhiteElo "2055"]
[BlackElo "1992"]
[WhiteFideId "-1"]
[WhiteFideId "-1"]
[PlyCount "154"]
[GameId "2184984202881868"]
[EventDate "2025.05.17"]
[EventType "swiss"]
[EventRounds "6"]
[EventCountry "CAN"]

{[%evp 0,131,19,18,19,17,-7,23,0,30,47,35,36,17,37,35,32,38,50,51,66,47,60,63,64,57,50,47,-11,56,22,115,24,30,39,100,14,16,16,38,58,48,52,10,45,49,93,118,111,105,103,78,78,40,52,49,31,23,1,-35,27,18,-158,18,105,37,-83,-62,48,-1,-5,9,4,-26,20,-25,-1,0,1,-1,7,-1,39,-9,1,-1,-1,-36,-1,-24,66,-18,28,-30,-2,-8,-26,1,-34,-178,-20,-20,29,-162,-205,-330,-431,-421,-458,-402,-389,-425,-353,-453,-339,-431,-357,-363,-307,-286,-178,-377,-246,-260,-234,-303,-275,-308,-283,-313,-274,-411,-266,-683]} 1. e4 e6 2. d4 d5 3. Nd2 dxe4 4. Nxe4 Nd7 5. g3 Ngf6 6. Nxf6+ Nxf6 7. Nf3 Bd6 8. Bg2 O-O 9. O-O c6 10. b3 Qc7 11. Bb2 Rd8 12. Qe2 b6 13. Ne5 Bb7 14. Rad1 c5 15. dxc5 Bxc5 16. c4 Bxg2 17. Kxg2 Qb7+ 18. Qf3 Qxf3+ 19. Kxf3 a5 20. g4 h6 21. Bc3 Rac8 22. h4 Be7 23. Bd4 Rd6 24. Be3 Rcd8 25. Rxd6 Rxd6 26. c5 bxc5 27. Bxc5 Rd5 28. Bxe7 Rxe5 29. Rc1 h5 30. gxh5 Rf5+ 31. Kg2 a4 32. b4 Rxh5 33. Rc8+ Kh7 34. Ra8 Nd5 35. Bc5 Nc3 36. Kg3 g5 37. hxg5 Rxg5+ 38. Kf3 Rd5 39. a3 Rd3+ 40. Kg2 Rd2 41. Ra5 Rd5 42. Bb6 Kg6 43. Ra8 Rd2 44. Rc8 Nd5 45. Bc5 Rb2 46. Rb8 Nc3 47. Bd4 Rb3 48. Rg8+ Kf5 49. Rg3 Ne2 50. Rxb3 axb3 51. Bb2 Nf4+ 52. Kf3 Nd3 53. b5 Nxb2 54. b6 Nc4 55. b7 Ne5+ 56. Ke2 Nc6 57. Kd2 Kf4 58. a4 Kf3 59. a5 Nb8 60. Kc3 b2 61. Kxb2 Ke4 62. Kc3 Kd5 63. f4 Kc6 64. Kd4 f6 65. Ke4 Kxb7 66. f5 e5 67. Kd5 Nd7 68. Kd6 e4 69. Kxd7 e3 70. Ke6 e2 71. Kxf6 e1=Q 72. Kf7 Qxa5 73. f6 Kc7 74. Kf8 Kd7 75. f7 Qf5 76. Kg7 Ke7 77. Kh8 Qh5+ 0-1

[Event "Ontario op"]
[Site "Brantford CAN"]
[Date "2025.05.18"]
[Round "3"]
[White "Huang, Eric"]
[Black "Aaroh Mutyalapati, Modith"]
[Result "0-1"]
[Annotator "GMPat"]
[WhiteElo "1905"]
[BlackElo "2159"]
[WhiteFideId "-1"]
[WhiteFideId "-1"]
[PlyCount "118"]
[GameId "2184818389296380"]
[EventDate "2025.05.17"]
[EventType "swiss"]
[EventRounds "6"]
[EventCountry "CAN"]

{[%evp 0,118,11,23,18,19,20,5,26,31,38,22,36,37,40,26,25,23,-40,15,16,19,4,-1,55,37,69,23,-32,52,34,30,-21,17,18,-5,8,-43,-87,-62,-44,-61,-96,-64,-72,-98,-51,-119,-52,61,-28,6,-8,-59,10,-57,-56,-78,-49,-29,-34,-78,-43,-77,-106,-160,-124,-200,-168,-398,-391,-468,-404,-387,-404,-937,-392,-370,-262,-189,-221,-344,-360,-347,-347,-446,-380,-525,-684,-712,-640,-605,-656,-776,-630,-986,-462,-618,-632,-635,-605,-587,-616,-567,-691,-548,-502,-680,-493,-465,-479,-488,-640,-605,-691,-643,-673,-641,-730,-772,-817]} 1. d4 Nf6 2. c4 e6 3. Nf3 b6 4. g3 Ba6 5. Qc2 d5 6. cxd5 exd5 7. Bg2 Bb4+ 8. Bd2 Bxd2+ 9. Qxd2 O-O 10. O-O Ne4 11. Qc2 f5 12. Nc3 Qd6 13. Rfe1 Nd7 14. Rac1 c5 15. Qa4 Bb7 16. Red1 c4 17. Qc2 a6 18. a3 b5 19. b4 Bc6 20. Qb2 Rae8 21. e3 h6 22. Ne1 g5 23. f4 gxf4 24. exf4 Kh7 25. Nf3 Rg8 26. Ne2 Ndf6 27. Ne5 Bd7 28. Rf1 Ng4 29. Bf3 h5 30. Nf7 Qf6 31. Ng5+ Nxg5 32. fxg5 Qxg5 33. Nf4 Ne3 34. Rf2 Qxf4 35. Bxd5 Nxd5 36. Rxf4 Nxf4 37. Rf1 Ne2+ 38. Kf2 c3 39. Qb3 Nxd4 40. Qf7+ Rg7 41. Qxh5+ Kg8 42. Rc1 c2 43. Qh4 f4 44. gxf4 Bf5 45. Qh5 Re2+ 46. Kf1 Rgg2 47. Qh4 Ref2+ 48. Qxf2 Rxf2+ 49. Kxf2 Nb3 50. Rg1+ Kf7 51. Ke3 c1=Q+ 52. Rxc1 Nxc1 53. Kd4 Nb3+ 54. Kd5 Na1 55. Ke5 Bg4 56. f5 Nc2 57. Kf4 Bd1 58. Kg5 Nxa3 59. h4 Nc2 0-1

[Event "Ontario op"]
[Site "Brantford CAN"]
[Date "2025.05.18"]
[Round "3"]
[White "Huang, Patrick"]
[Black "England, Max"]
[Result "1/2-1/2"]
[Annotator "GMPat"]
[WhiteElo "2209"]
[BlackElo "2236"]
[WhiteFideId "-1"]
[WhiteFideId "-1"]
[PlyCount "160"]
[GameId "2185072432120645"]
[EventDate "2025.05.17"]
[EventType "swiss"]
[EventRounds "6"]
[EventCountry "CAN"]

{[%evp 0,73,19,32,20,14,29,8,30,20,28,36,37,37,37,33,45,-13,45,23,12,-9,76,-12,-2,-9,-11,-10,-7,-8,-14,-28,6,1,-59,-29,28,53,26,-9,-78,-32,19,-6,-6,-26,27,-8,-17,6,2,-19,-4,1,-14,-113,-25,-57,-43,-72,-59,-80,-31,-66,-24,97,41,65,20,78,-10,-2,173,95,149,156]} 1. d4 Nf6 2. c4 g6 3. g3 Bg7 4. Bg2 O-O 5. Nc3 d6 6. Nf3 c6 7. O-O Bf5 8. Nh4 Be6 9. b3 d5 10. cxd5 cxd5 11. Bb2 Nc6 12. Nf3 Rc8 13. Rc1 h6 14. h3 Ne4 15. e3 f5 16. h4 Qa5 17. Qe2 a6 18. a3 b5 19. Nb1 Qb6 20. Nbd2 a5 21. Ne1 b4 22. a4 Nb8 23. Nd3 Qa6 24. Nf3 g5 25. Rfe1 Nd7 26. Bf1 Bf7 27. hxg5 hxg5 28. Nd2 Qh6 29. Bg2 Bh5 30. Nf3 Bg4 31. Qf1 Qh5 32. Nh2 Rxc1 33. Nxc1 f4 34. f3 fxg3 35. Nxg4 Ndf6 36. Nxf6+ Rxf6 37. Qe2 Nf2 38. Rd1 Re6 39. Rd2 Qh2+ 40. Kf1 Nh3 41. Ke1 Qg1+ 42. Qf1 Rxe3+ 43. Kd1 Nf2+ 44. Kc2 Qxf1 45. Bxf1 Re1 46. Ne2 Rxf1 47. Nxg3 Rg1 48. Nf5 Nh3 49. Nxe7+ Kf7 50. Nxd5 Rf1 51. Ne3 Rxf3 52. Nc4 g4 53. d5 Bxb2 54. Kxb2 Rf2 55. Kc2 g3 56. Ne3 Rxd2+ 57. Kxd2 Nf4 58. Ke1 Kf6 59. Nc4 Nxd5 60. Nxa5 Ke5 61. Nc6+ Ke4 62. Kf1 Kf3 63. a5 g2+ 64. Kg1 Kg3 65. Nd4 Nf4 66. Nf5+ Kh3 67. Nd4 Kg3 68. Nf5+ Kf3 69. Nh4+ Ke4 70. a6 Nd5 71. a7 Nc7 72. Ng6 Kd4 73. Ne7 Na8 74. Nc6+ Kc5 75. Nxb4 Kxb4 76. Kxg2 Kxb3 77. Kf3 Kc4 78. Ke4 Kc5 79. Ke5 Kb6 80. Kd6 Kxa7 1/2-1/2

[Event "Ontario op"]
[Site "Brantford CAN"]
[Date "2025.05.18"]
[Round "3"]
[White "Ivanchuk, serghii"]
[Black "Yin, Zeming"]
[Result "1/2-1/2"]
[WhiteElo "2119"]
[BlackElo "1980"]
[WhiteFideId "-1"]
[WhiteFideId "-1"]
[PlyCount "88"]
[GameId "2184594363410402"]
[EventDate "2025.05.17"]
[EventType "swiss"]
[EventRounds "6"]
[EventCountry "CAN"]

{[%evp 0,88,17,33,18,22,5,-12,21,-12,18,25,25,0,-84,-2,-1,-8,-51,-8,-7,-28,-22,17,1,-17,-24,-25,-5,7,-129,26,4,-2,-6,-10,-7,-18,11,-3,-6,-13,1,57,25,20,-3,4,0,2,-3,3,6,-23,-1,32,11,4,6,0,-145,45,-17,-12,-12,8,-23,-33,-128,-54,-85,-91,11,0,-1,-20,20,-19,24,10,7,13,26,27,-43,17,25,39,7,25,31]} 1. d4 Nf6 2. Nf3 d5 3. g3 e6 4. Bg2 Be7 5. O-O O-O 6. c3 Nbd7 7. b3 b6 8. Bb2 Bb7 9. Nbd2 c5 10. Ne5 Qc7 11. Ndf3 Bd6 12. Nxd7 Nxd7 13. Rc1 Rad8 14. c4 dxc4 15. Rxc4 Bd5 16. Rc1 Qb7 17. Qc2 h6 18. Nh4 Bxg2 19. Nxg2 cxd4 20. Bxd4 Be5 21. Bxe5 Nxe5 22. Rfd1 Rxd1+ 23. Rxd1 Rc8 24. Qb2 Ng4 25. Qd4 Nf6 26. Qd3 Qc7 27. Ne3 Qb7 28. Nc4 Qd5 29. Qxd5 Nxd5 30. a4 Kf8 31. e4 Nf6 32. f3 Ke7 33. Kf2 Nd7 34. Ke3 Nc5 35. Ne5 Rc7 36. Rc1 Kd6 37. Nc4+ Ke7 38. Nd2 f6 39. b4 Na6 40. Rxc7+ Nxc7 41. Kd4 e5+ 42. Kc4 g6 43. Nf1 h5 44. Ne3 Kd6 1/2-1/2

[Event "Ontario op"]
[Site "Brantford CAN"]
[Date "2025.05.18"]
[Round "3"]
[White "Jaferian, Koosha"]
[Black "Trofimov-Malyshkin, Valentyn"]
[Result "1-0"]
[WhiteElo "2467"]
[BlackElo "2184"]
[WhiteFideId "-1"]
[WhiteFideId "-1"]
[PlyCount "141"]
[GameId "2182988236464485"]
[EventDate "2025.05.17"]
[EventType "swiss"]
[EventRounds "6"]
[EventCountry "CAN"]

{[%evp 0,141,22,24,30,12,16,8,39,42,43,47,34,35,37,29,37,18,10,25,27,20,17,24,-10,24,25,45,74,52,76,67,162,81,132,142,158,76,160,159,162,159,156,-44,-235,132,151,172,214,213,238,279,269,274,276,257,270,286,19,281,364,186,366,36,426,423,198,371,486,411,208,417,401,383,399,223,457,376,376,266,479,492,542,385,475,530,565,470,541,461,478,349,368,391,339,534,439,642,769,758,839,860,1016,1016,1016,1022,1022,1022,1022,1022,1022,1032,1032,1032,1032,547,547,567,577,577,577,577,29983,577,29983,29984,29985,577,29985,29986,29987,29988,29989,29990,29991,29992,29993,29994,29995,29996,29997,29998,29999,29999]} 1. e4 e6 2. d4 d5 3. Nd2 dxe4 4. Nxe4 Nd7 5. Nf3 Ngf6 6. Nxf6+ Nxf6 7. Be3 Be7 8. Bd3 O-O 9. Qe2 b6 10. O-O-O Bb7 11. Kb1 a5 12. Rhg1 a4 13. a3 Qc8 14. Ne5 c5 15. g4 Be4 16. Bb5 Nd5 17. Bc1 Bg6 18. Bd7 Qa6 19. Bb5 Qc8 20. f4 cxd4 21. f5 exf5 22. Bc6 Ra5 23. Bxd5 Rxd5 24. Nxg6 hxg6 25. Qxe7 fxg4 26. Qe4 Rh5 27. Bf4 Qf5 28. Qxd4 Rc8 29. Rd2 Qb5 30. Rxg4 Rhc5 31. Qd3 Qe8 32. Bg3 b5 33. Rd4 Kh7 34. Qe4 Qxe4 35. Rxe4 g5 36. Re7 f5 37. Be5 f4 38. Rxg7+ Kh6 39. Re7 Kg6 40. h4 Kf5 41. Bd6 gxh4 42. Bxc5 Rxc5 43. Rh7 Kg4 44. Rh2 Rh5 45. Rg2+ Kh3 46. Rxh5 Kxg2 47. Rxh4 f3 48. Rf4 f2 49. b3 axb3 50. cxb3 f1=Q+ 51. Rxf1 Kxf1 52. a4 bxa4 53. bxa4 Ke2 54. a5 Kd3 55. a6 Ke4 56. a7 Kd4 57. a8=R Kc3 58. Rd8 Kb3 59. Rd3+ Kc4 60. Kc2 Kb4 61. Rd4+ Kc5 62. Kc3 Kb5 63. Rd5+ Kc6 64. Kc4 Kb6 65. Rd6+ Kc7 66. Kc5 Kb7 67. Rd7+ Kc8 68. Kc6 Kb8 69. Rd8+ Ka7 70. Rh8 Ka6 71. Ra8# 1-0

[Event "Ontario op"]
[Site "Brantford CAN"]
[Date "2025.05.18"]
[Round "3"]
[White "Joseph Benher, Savio"]
[Black "Moses, Neil"]
[Result "1-0"]
[Annotator "GMPat"]
[WhiteElo "2108"]
[BlackElo "2148"]
[WhiteFideId "-1"]
[WhiteFideId "-1"]
[PlyCount "137"]
[GameId "2190954202604551"]
[EventDate "2025.05.17"]
[EventType "swiss"]
[EventRounds "6"]
[EventCountry "CAN"]

{[%evp 0,36,19,20,-1,16,38,28,15,22,18,19,28,27,18,7,12,9,34,59,39,51,43,50,44,43,39,4,69,63,82,51,51,91,200,195,258,-83,-137]} 1. e4 c5 2. Nf3 e6 3. d4 cxd4 4. Nxd4 a6 5. c4 Nf6 6. Nc3 Qc7 7. a3 b6 8. Be3 Bb7 9. f3 d6 10. Rc1 Be7 11. Be2 O-O 12. b4 Nbd7 13. g4 g6 14. O-O Rac8 15. g5 Nh5 16. f4 Nxf4 17. Rxf4 e5 18. Nf5 gxf5 19. Rxf5 Qd8 20. Nd5 Kh8 21. Bd3 Rg8 22. Qh5 Nf6 23. Nxf6 Bxf6 24. Kh1 Be7 25. Rxf7 Rg7 26. Rxg7 Kxg7 27. g6 hxg6 28. Rg1 g5 29. Bxg5 Bxg5 30. Rxg5+ Qxg5 31. Qxg5+ Kf7 32. Qf5+ Ke8 33. h4 Rc7 34. Qe6+ Re7 35. Qg6+ Kd7 36. h5 b5 37. cxb5 axb5 38. h6 d5 39. h7 dxe4 40. Bxe4 Bxe4+ 41. Qxe4 Rxh7+ 42. Qxh7+ Kc6 43. Qe4+ Kd6 44. Kg2 Ke6 45. Qc6+ Kf5 46. Kf3 e4+ 47. Qxe4+ Kf6 48. Qd5 Kg6 49. Qxb5 Kf6 50. Qd5 Kg6 51. b5 Kf6 52. b6 Kg6 53. b7 Kf6 54. b8=N Kg6 55. a4 Kf6 56. a5 Kg6 57. a6 Kf6 58. a7 Kg7 59. a8=N Kf6 60. Nb6 Kg7 61. Qf5 Kh6 62. Qg4 Kh7 63. Nd5 Kh8 64. Qg5 Kh7 65. Nd7 Kh8 66. Ne5 Kh7 67. Ke4 Kh8 68. Nf7+ Kh7 69. Nf6# 1-0

[Event "Ontario op"]
[Site "Brantford CAN"]
[Date "2025.05.18"]
[Round "3"]
[White "Joshua Lee, Daniel"]
[Black "Maulucci, Anthony"]
[Result "1/2-1/2"]
[WhiteElo "1989"]
[BlackElo "2126"]
[WhiteFideId "-1"]
[WhiteFideId "-1"]
[PlyCount "214"]
[GameId "2184867879061224"]
[EventDate "2025.05.17"]
[EventType "swiss"]
[EventRounds "6"]
[EventCountry "CAN"]

{[%evp 0,193,12,2,39,-49,14,13,41,41,40,76,33,31,46,46,63,53,51,50,63,66,76,72,74,55,76,59,53,-33,28,-16,56,-34,37,-40,-85,-67,9,-50,58,-49,54,-21,-9,-32,-52,-27,-41,-5,1,0,39,19,1,-22,-24,-119,-78,-102,-115,-143,-102,-319,-220,-294,-408,-443,-448,-475,-342,-457,-537,-431,-305,-485,-532,-564,-490,-466,-407,-365,-265,-324,-203,-236,-171,-246,-210,-213,-147,-196,-210,-259,-275,-256,-234,-256,-166,-266,-172,-198,-222,-209,-119,-199,-168,-247,-175,-179,-177,-196,-192,-191,-158,-204,-162,-162,-30,-122,-95,-104,-127,-80,-52,-53,-36,-82,-104,-100,-98,-225,-274,-222,-251,-273,-249,-493,-394,-324,-204,-346,-243,-170,-170,-255,-211,-236,-309,-245,33,-50,0,-116,-117,-99,-194,-103,-106,-62,-50,-145,-46,-30,-73,-77,-47,-55,-62,-51,-50,-47,-44,-24,-40,-29,-40,-47,-19,-36,-93,-19,-1,-1,-1,-1,-1,-1,-1,-1,-1,-1,-1,-1,-1,-1]} 1. e4 e6 2. d4 d5 3. Nd2 dxe4 4. Nxe4 Bd7 5. Nf3 Bc6 6. Bd3 Nd7 7. O-O Ngf6 8. Ng3 Be7 9. Re1 Bxf3 10. Qxf3 c6 11. c3 O-O 12. Bf4 Nd5 13. Bd2 Bg5 14. Qe4 g6 15. f4 Bh6 16. Rad1 Qb6 17. b4 a5 18. bxa5 Qc7 19. Rf1 N5f6 20. Qf3 Rxa5 21. Bb1 c5 22. d5 exd5 23. c4 Ra6 24. cxd5 Rd6 25. Bc3 c4 26. Kh1 Qc5 27. Be4 Ra8 28. Rf2 Ra3 29. Rb2 Qa7 30. Ne2 Bg7 31. Rc2 Nc5 32. Ng3 Qa4 33. Qe2 Rxc3 34. Rxc3 Nfxe4 35. Nxe4 Nxe4 36. Rcc1 c3 37. Qf3 f5 38. g4 fxg4 39. Qe2 g3 40. Re1 Nf6 41. Rxc3 Qd7 42. Rxg3 Nxd5 43. Qc4 Qc6 44. Qxc6 Rxc6 45. Rb3 b6 46. Re4 Kf7 47. Rd3 Re6 48. Ra4 Ne7 49. Ra7 Bh6 50. Rf3 Kf6 51. Rh3 Kg7 52. Rf3 Kg8 53. Ra8+ Bf8 54. Rd3 Rf6 55. Rd4 Nf5 56. Rdd8 Ng7 57. Rdb8 Nh5 58. Ra6 Nxf4 59. Raxb6 Rf5 60. Rb5 Rf6 61. R5b6 Ne6 62. a4 Kg7 63. a5 Bc5 64. R6b7+ Kh6 65. a6 Rf1+ 66. Kg2 Rf2+ 67. Kg3 Ra2 68. Ra8 Ra3+ 69. Kg4 Ra4+ 70. Kg3 Bd6+ 71. Kf3 Ra3+ 72. Ke4 Nc5+ 73. Kd5 Nxb7 74. axb7 Rb3 75. Kxd6 Rxb7 76. Ra4 Rf7 77. Ke6 Rf2 78. Rh4+ Kg7 79. Ke5 h5 80. Ke4 Kf6 81. Ke3 Rf5 82. Rf4 Rxf4 83. Kxf4 g5+ 84. Ke4 Ke6 85. Kf3 Kf5 86. Ke3 Kg4 87. Kf2 Kf4 88. Ke2 Ke4 89. Kf2 Kd4 90. Ke2 h4 91. Kf3 Ke5 92. Ke3 Kf5 93. Kf3 Kg6 94. Ke3 Kf6 95. Kf2 Ke5 96. Ke2 Kd5 97. Kf3 Ke6 98. Ke2 Kf6 99. Kf2 Kg6 100. Ke3 Kh6 101. Ke4 Kh5 102. Kf3 g4+ 103. Kf4 h3 104. Kg3 Kg5 105. Kf2 Kf4 106. Kg1 Kf3 107. Kh1 Kf2 1/2-1/2

[Event "Ontario op"]
[Site "Brantford CAN"]
[Date "2025.05.18"]
[Round "3"]
[White "Jung, Hans"]
[Black "Tseng, Bradley"]
[Result "1/2-1/2"]
[WhiteElo "2061"]
[BlackElo "1939"]
[WhiteFideId "-1"]
[WhiteFideId "-1"]
[PlyCount "66"]
[GameId "2184862702990566"]
[EventDate "2025.05.17"]
[EventType "swiss"]
[EventRounds "6"]
[EventCountry "CAN"]

1. Nc3 d5 2. e4 d4 3. Nce2 e5 4. Ng3 Be6 5. d3 c5 6. f4 Nc6 7. Nf3 Bd6 8. Nh5 g6 9. Ng7+ Kd7 10. Nxe6 fxe6 11. g3 Qf6 12. Bh3 exf4 13. gxf4 Bxf4 14. Bxf4 Qxf4 15. O-O Qh6 16. Kg2 g5 17. Qd2 Nge7 18. Bg4 Rhg8 19. h4 Ng6 20. Rh1 Nf4+ 21. Kf2 Raf8 22. hxg5 Qg7 23. Rag1 Ng6 24. Ke1 Nce5 25. Nxe5+ Nxe5 26. Qa5 Qe7 27. Qxa7 Kc7 28. Qa5+ Kb8 29. Be2 Rxg5 30. Rxg5 Qxg5 31. Kd1 Ng4 32. Bxg4 Qxg4+ 33. Kc1 Qg2 1/2-1/2

[Event "Ontario op"]
[Site "Brantford CAN"]
[Date "2025.05.18"]
[Round "3"]
[White "Khaledi, Omid"]
[Black "Plotkin, Mark"]
[Result "1/2-1/2"]
[Annotator "GMPat"]
[WhiteElo "2295"]
[BlackElo "2473"]
[WhiteFideId "-1"]
[WhiteFideId "-1"]
[PlyCount "120"]
[GameId "2190954202604550"]
[EventDate "2025.05.17"]
[EventType "swiss"]
[EventRounds "6"]
[EventCountry "CAN"]

{[%evp 0,33,19,31,38,28,35,35,33,21,29,17,44,46,48,42,45,25,45,82,106,105,148,102,96,95,106,83,69,-3,100,98,92,107,106,88]} 1. d4 g6 2. c4 Bg7 3. Nc3 d6 4. e4 e5 5. Nf3 Nc6 6. Bg5 f6 7. Be3 exd4 8. Nxd4 Nge7 9. c5 Nxd4 10. Qxd4 Be6 11. cxd6 Nc6 12. Bb5 Qxd6 13. Qxd6 cxd6 14. Nd5 Kd8 15. Rd1 Bxd5 16. Rxd5 Kc7 17. Kd2 a6 18. Bxc6 bxc6 19. Rc1 Rab8 20. b3 Rb5 21. Rd4 Rc8 22. Bf4 Bf8 23. Rc2 f5 24. exf5 Rxf5 25. Kd3 Kd7 26. Be3 c5 27. Rh4 h5 28. Ra4 Rc6 29. b4 Rd5+ 30. Kc4 Re5 31. bxc5 Re4+ 32. Kb3 Rxa4 33. Kxa4 dxc5 34. Rd2+ Ke6 35. Kb3 Rb6+ 36. Kc3 Bd6 37. h3 Rb4 38. Kd3 Kd5 39. Kc3+ Kc6 40. Rc2 a5 41. Kd3 Kb5 42. g3 a4 43. f4 a3 44. g4 c4+ 45. Kd2 hxg4 46. hxg4 Kc6 47. Kc3 Ra4 48. f5 gxf5 49. gxf5 Be5+ 50. Bd4 Bc7 51. Rf2 Kd5 52. Bg7 Bb6 53. Re2 Ra7 54. Re5+ Kd6 55. Re6+ Kd5 56. Re5+ Kd6 57. Re6+ Kd5 58. Rxb6 Rxg7 59. Rb5+ Ke4 60. Kxc4 Rg2 1/2-1/2

[Event "Ontario op"]
[Site "Brantford CAN"]
[Date "2025.05.18"]
[Round "3"]
[White "Lalonde, Olivier"]
[Black "Zhou Chen, Larry"]
[Result "1-0"]
[Annotator "GMPat"]
[WhiteElo "2109"]
[BlackElo "2066"]
[WhiteFideId "-1"]
[WhiteFideId "-1"]
[PlyCount "101"]
[GameId "2183293571190870"]
[EventDate "2025.05.17"]
[EventType "swiss"]
[EventRounds "6"]
[EventCountry "CAN"]

{[%evp 0,51,15,20,20,49,24,-3,30,29,20,19,15,7,-65,42,60,59,57,58,56,85,86,-48,70,103,100,103,103,83,106,123,147,114,106,141,148,160,139,168,220,225,228,76,232,159,161,185,377,396,223,371,319,277]} 1. e4 c6 2. d4 d5 3. f3 g6 4. Nc3 Bg7 5. e5 c5 6. f4 Nc6 7. dxc5 d4 8. Ne4 Qd5 9. Bd3 f5 10. Nd2 Qxg2 11. Qf3 Qxf3 12. Ngxf3 Be6 13. a3 Bd5 14. Bc4 Rd8 15. b4 a6 16. Bxd5 Rxd5 17. Nb3 Bh6 18. Kf2 e6 19. Rd1 g5 20. fxg5 Bg7 21. Bf4 h6 22. h4 hxg5 23. hxg5 Nxe5 24. Bxe5 Bxe5 25. Re1 Bf4 26. Nbxd4 e5 27. Nxf5 Ne7 28. Nd6+ Kd7 29. Rad1 Rf8 30. c4 Rxd1 31. Rxd1 Kc6 32. Ke2 Nf5 33. Nxf5 Rxf5 34. g6 Rf6 35. Rd5 Rd6 36. Nxe5+ Bxe5 37. Rxe5 Rxg6 38. Kd2 Rg2+ 39. Re2 Rg1 40. Re5 Rg2+ 41. Kc3 Ra2 42. Kb3 Ra1 43. Re6+ Kc7 44. b5 Rb1+ 45. Ka4 Rc1 46. Kb4 Rb1+ 47. Ka5 Rc1 48. b6+ Kd7 49. Rd6+ Kc8 50. c6 Rxc4 51. Rd8+ 1-0

[Event "Ontario op"]
[Site "Brantford CAN"]
[Date "2025.05.18"]
[Round "3"]
[White "Li, Hongyi"]
[Black "Huang, Justin"]
[Result "0-1"]
[WhiteElo "2078"]
[BlackElo "1916"]
[WhiteFideId "-1"]
[WhiteFideId "-1"]
[PlyCount "70"]
[GameId "2190954202604552"]
[EventDate "2025.05.17"]
[EventType "swiss"]
[EventRounds "6"]
[EventCountry "CAN"]

1. e4 e6 2. d4 d5 3. e5 c5 4. Nf3 Nc6 5. a3 a5 6. Nbd2 a4 7. Bd3 cxd4 8. O-O Bd7 9. Re1 Nge7 10. Ng5 Nf5 11. Qg4 g6 12. Ndf3 Be7 13. Qh3 h6 14. Bxf5 exf5 15. e6 Bxe6 16. Nxe6 fxe6 17. Rxe6 Kf7 18. Re2 h5 19. Bf4 Bf6 20. Rae1 Qd7 21. Bg5 Rhe8 22. Bxf6 Kxf6 23. Qh4+ Kg7 24. Qf4 Re4 25. Qg5 Rae8 26. Nh4 Rxe2 27. Qxg6+ Kh8 28. Rxe2 Rxe2 29. Qxh5+ Qh7 30. Qxe2 Qxh4 31. f3 Qe7 32. Qd1 Qe3+ 33. Kf1 Ne5 34. b4 axb3 35. cxb3 Nd3 0-1

[Event "Ontario op"]
[Site "Brantford CAN"]
[Date "2025.05.18"]
[Round "3"]
[White "Liang, Jason"]
[Black "Kapra, Jerjis"]
[Result "1-0"]
[Annotator "GMPat"]
[WhiteElo "2550"]
[BlackElo "2270"]
[WhiteFideId "-1"]
[WhiteFideId "-1"]
[PlyCount "89"]
[GameId "2180284743835929"]
[EventDate "2025.05.17"]
[EventType "swiss"]
[EventRounds "6"]
[EventCountry "CAN"]

{[%evp 0,30,22,0,31,-25,25,22,20,19,8,9,20,10,13,12,15,5,14,13,19,18,14,0,10,-2,-5,21,31,11,5,14,45]} 1. e4 e6 2. d4 d5 3. e5 c5 4. c3 Nc6 5. Nf3 Bd7 6. Be2 cxd4 7. cxd4 Nge7 8. Na3 Nf5 9. Nc2 Be7 10. O-O O-O 11. Bd3 f6 12. Bf4 fxe5 13. Nxe5 Be8 14. Re1 Rc8 15. Nxc6 Rxc6 16. Be5 Bg6 17. Ne3 Nxe3 18. Rxe3 Bxd3 19. Qxd3 Bf6 20. g3 Bxe5 21. Rxe5 Qb6 22. Re2 Rfc8 23. Kg2 Rc1 24. Rxc1 Rxc1 25. b3 Rc6 26. h4 Qd8 27. Re5 Qf6 28. h5 h6 29. Qe2 Kf7 30. f4 Qd8 31. Kh3 a6 32. Qd3 Qf6 33. f5 Ke7 34. Qe2 Kd7 35. fxe6+ Rxe6 36. Rxd5+ Rd6 37. Qg4+ Kc7 38. Rf5 Qe7 39. Qf4 Kc6 40. Qc1+ Kd7 41. Qc4 Qe4 42. Qf7+ Kc6 43. Rc5+ Kb6 44. Qc7+ Ka7 45. Qxd6 1-0

[Event "Ontario op"]
[Site "Brantford CAN"]
[Date "2025.05.18"]
[Round "3"]
[White "Loadman, Ian"]
[Black "Huang, Patrick"]
[Result "0-1"]
[Annotator "GMPat"]
[WhiteElo "2063"]
[BlackElo "2209"]
[WhiteFideId "-1"]
[WhiteFideId "-1"]
[PlyCount "112"]
[GameId "2184170170463236"]
[EventDate "2025.05.17"]
[EventType "swiss"]
[EventRounds "6"]
[EventCountry "CAN"]

1. e4 e6 2. d4 d5 3. Nd2 Be7 4. Bd3 c5 5. dxc5 Nf6 6. Qe2 Bxc5 7. Ngf3 O-O 8. e5 Ng4 9. O-O f6 10. Nb3 Be7 11. exf6 Bxf6 12. h3 e5 13. hxg4 Bxg4 14. Qe3 e4 15. Nh2 Bf5 16. Be2 d4 17. Nxd4 Bxd4 18. Qb3+ Kh8 19. Be3 Be5 20. Rfd1 Nd7 21. Nf1 Qh4 22. Bd4 Bg4 23. Qe3 Bf4 24. Qc3 Nf6 25. Bxg4 Qxg4 26. Be3 Rac8 27. Qd2 Nh5 28. Qd7 Qg6 29. Rd2 Be5 30. c3 Nf6 31. Qh3 Ng4 32. Rad1 h6 33. Bd4 Rce8 34. Ne3 Nxe3 35. Bxe3 Rf3 36. Qh4 Bf6 37. Qh2 Be5 38. Qh4 Kh7 39. Rd5 Rf5 40. Qh3 Re6 41. g3 Rf3 42. Kg2 Bxg3 43. fxg3 Rxe3 44. Rf1 Rf3 45. Rf5 Rf6 46. R5xf3 exf3+ 47. Kg1 Qc2 48. Qh2 Qxh2+ 49. Kxh2 h5 50. g4 hxg4 51. Kg3 g5 52. Kxg4 Kg6 53. c4 Rf4+ 54. Kg3 Kf5 55. b3 g4 56. c5 Re4 0-1

[Event "Ontario op"]
[Site "Brantford CAN"]
[Date "2025.05.18"]
[Round "3"]
[White "Lu, Tony"]
[Black "Belanger, Colton"]
[Result "1-0"]
[WhiteElo "2195"]
[BlackElo "2013"]
[WhiteFideId "-1"]
[WhiteFideId "-1"]
[PlyCount "101"]
[GameId "2184558376887903"]
[EventDate "2025.05.17"]
[EventType "swiss"]
[EventRounds "6"]
[EventCountry "CAN"]

1. c4 e5 2. Nc3 Nc6 3. g3 f5 4. Bg2 Nf6 5. a3 g6 6. e3 Bg7 7. d3 O-O 8. Nge2 d6 9. b4 Ne7 10. Bb2 c6 11. d4 e4 12. O-O Be6 13. d5 cxd5 14. Nf4 Bf7 15. Ncxd5 Nexd5 16. Nxd5 Nxd5 17. Bxg7 Kxg7 18. cxd5 Qf6 19. Qb3 Qe5 20. Rad1 Rfc8 21. Rd4 Rc7 22. Rfd1 Rac8 23. Bf1 g5 24. Bg2 Bh5 25. Rf1 Be2 26. Rb1 Rc1+ 27. Bf1 Bd3 28. Rxd3 exd3 29. Rxc1 Rxc1 30. Qxd3 a6 31. h3 Qe4 32. Qe2 Qc2 33. Qh5 h6 34. Qe8 Qc7 35. Kg2 Qf7 36. Qd8 Qxd5+ 37. Kg1 Qe6 38. Kg2 Rc8 39. Qb6 Qe4+ 40. Kg1 Qc6 41. Qd4+ Kg6 42. g4 d5 43. Bd3 Rd8 44. gxf5+ Kf7 45. Be2 Qf6 46. Bh5+ Ke7 47. Qc5+ Qd6 48. Qd4 Qf6 49. Qc5+ Qd6 50. Qa7 Qc7 51. Qd4 1-0

[Event "Ontario op"]
[Site "Brantford CAN"]
[Date "2025.05.18"]
[Round "3"]
[White "Pan, Julian"]
[Black "Zian Wang, Nathan"]
[Result "1-0"]
[WhiteElo "1950"]
[BlackElo "2099"]
[WhiteFideId "-1"]
[WhiteFideId "-1"]
[PlyCount "75"]
[GameId "2184725434248252"]
[EventDate "2025.05.17"]
[EventType "swiss"]
[EventRounds "6"]
[EventCountry "CAN"]

1. e4 c5 2. Nf3 Nc6 3. d4 cxd4 4. Nxd4 Nf6 5. Nc3 e5 6. Ndb5 d6 7. Bg5 a6 8. Na3 b5 9. Nd5 Be7 10. Bxf6 Bxf6 11. c3 Bg5 12. Nc2 Rb8 13. a4 bxa4 14. Ncb4 Bd7 15. Rxa4 a5 16. Nxc6 Bxc6 17. Ra2 O-O 18. Bc4 Kh8 19. Qd3 g6 20. O-O f5 21. Rd1 Rb7 22. b3 Rb8 23. Rb1 Bh6 24. b4 axb4 25. cxb4 Qh4 26. Re2 Bd7 27. Rd1 f4 28. f3 Bg5 29. b5 Bd8 30. Qa3 Bb6+ 31. Nxb6 Rxb6 32. Qa7 Qd8 33. Red2 Bxb5 34. Bxb5 Rxb5 35. Rxd6 Qb8 36. Qe7 Kg8 37. Rd7 Qb6+ 38. Kh1 1-0